The Concept of the Tomsk Regional Corpus: Balance and Representativeness; Procedia - Social and Behavioral Sciences; Vol. 154 : The XXV annual international academic conference, language and culture
| Parent link: | Procedia - Social and Behavioral Sciences Vol. 154 : The XXV annual international academic conference, language and culture.— 2014.— [P. 175–178] |
|---|---|
| Hlavní autor: | |
| Korporativní autor: | |
| Další autoři: | , |
| Shrnutí: | Title screen The paper discusses two issues of the conception of the Tomsk Regional Corpus developed at Tomsk State University, to obtain a more exact balance and representativeness of the Corpus. These parameters of the Tomsk Regional Corpus are viewed in comparison with the Russian National Corpus (basic subcorpus), its dialectal subcorpus and the Saratov Dialectal Corpus. Режим доступа: по договору с организацией-держателем ресурса |
| Jazyk: | angličtina |
| Vydáno: |
2014
|
| Témata: | |
| On-line přístup: | http://dx.doi.org/10.1016/j.sbspro.2014.10.131 |
| Médium: | MixedMaterials Elektronický zdroj Kapitola |
| KOHA link: | https://koha.lib.tpu.ru/cgi-bin/koha/opac-detail.pl?biblionumber=645398 |
MARC
| LEADER | 00000naa0a2200000 4500 | ||
|---|---|---|---|
| 001 | 645398 | ||
| 005 | 20250609185707.0 | ||
| 035 | |a (RuTPU)RU\TPU\network\10482 | ||
| 035 | |a RU\TPU\network\10402 | ||
| 090 | |a 645398 | ||
| 100 | |a 20151217d2014 k||y0engy50 ba | ||
| 101 | 0 | |a eng | |
| 102 | |a NL | ||
| 135 | |a drgn ---uucaa | ||
| 181 | 0 | |a i | |
| 182 | 0 | |a b | |
| 200 | 1 | |a The Concept of the Tomsk Regional Corpus: Balance and Representativeness |f O. P. Sologub, Z. I. Rezanova, I. G. Temnikova | |
| 203 | |a Text |c electronic | ||
| 300 | |a Title screen | ||
| 320 | |a [References: р. 178 (17 tit.)] | ||
| 330 | |a The paper discusses two issues of the conception of the Tomsk Regional Corpus developed at Tomsk State University, to obtain a more exact balance and representativeness of the Corpus. These parameters of the Tomsk Regional Corpus are viewed in comparison with the Russian National Corpus (basic subcorpus), its dialectal subcorpus and the Saratov Dialectal Corpus. | ||
| 333 | |a Режим доступа: по договору с организацией-держателем ресурса | ||
| 461 | 0 | |0 (RuTPU)RU\TPU\network\2898 |t Procedia - Social and Behavioral Sciences | |
| 463 | |t Vol. 154 : The XXV annual international academic conference, language and culture |o 20-22 October 2014 |o [proceedings] |v [P. 175–178] |d 2014 | ||
| 610 | 1 | |a электронный ресурс | |
| 610 | 1 | |a труды учёных ТПУ | |
| 610 | 1 | |a Томск | |
| 610 | 1 | |a русский язык | |
| 700 | 1 | |a Sologub |b O. P. |g Olga Pavlovna | |
| 701 | 1 | |a Rezanova |b Z. I. |c linguist |c Professor of Tomsk Polytechnic University, Doctor of philological sciences |f 1957- |g Zoya Ivanovna |3 (RuTPU)RU\TPU\pers\35947 | |
| 701 | 1 | |a Temnikova |b I. G. |g Irina Genndjevna | |
| 712 | 0 | 2 | |a Национальный исследовательский Томский политехнический университет |c (2009- ) |9 26305 |
| 801 | 2 | |a RU |b 63413507 |c 20160229 |g RCR | |
| 850 | |a 63413507 | ||
| 856 | 4 | |u http://dx.doi.org/10.1016/j.sbspro.2014.10.131 | |
| 942 | |c CF | ||